[Event "TUR Cup										"]
[Site "Antalya"]
[Date "2018.01.31"]
[Round "7"]
[White "Eyupkoca, Nihat"]
[Black "Koc, Serkan"]
[Result "0-1"]
[WhiteElo "1479"]
[BlackElo "1679"]
[PlyCount "84"]
[EventDate "2018.01.27"]
[EventType "swiss"]
[EventRounds "11"]
[EventCountry "TUR"]
[SourceTitle "CBM 182 Extra"]
[Source "ChessBase"]
[SourceDate "2018.02.23"]
[SourceVersion "1"]
[SourceVersionDate "2018.02.23"]
[SourceQuality "1"]

1. d4 e6 2. Bf4 d5 3. e3 c5 4. c4 cxd4 5. exd4 Nc6 6. Nf3 Nf6 7. Nc3 Qa5 8. Bd2 dxc4 9. Bxc4 Qb6 10. Na4 Qc7 11. Bd3 Bd6 12. 0-0 h6 13. Rc1 Qe7 14. a3 0-0 15. Bb1 Bd7 16. Nc3 a6 17. h3 Qd8 18. Be3 Ne7 19. Qd2 Nf5 20. Rfe1 Nxe3 21. fxe3 Bg3 22. Rf1 Bc6 23. e4 Nh5 24. Ne2 Qb6 25. Kh1 Bb5 26. Nfg1 e5 27. dxe5 Bxe5 28. Rf3 Rfd8 29. Qb4 a5 30. Qb3 a4 31. Qb4 Bd6 32. Qe1 Bxe2 33. Nxe2 Qxb2 34. Rf5 Qxe2 35. Qh4 Ng3+ 36. Qxg3 Bxg3 37. Rff1 Rd2 38. Rg1 Qh5 39. Rgf1 Bd6 40. Rf5 Rd1+ 41. Rf1 Qe5 42. Kg1 Rd2 0-1

[Event "TUR Cup										"]
[Site "Antalya"]
[Date "2018.01.27"]
[Round "1"]
[White "Eyupkoca, Nihat"]
[Black "Sahin, Huseyin"]
[Result "0-1"]
[WhiteElo "1479"]
[BlackElo "1823"]
[PlyCount "114"]
[EventDate "2018.01.27"]
[EventType "swiss"]
[EventRounds "11"]
[EventCountry "TUR"]
[SourceTitle "CBM 182 Extra"]
[Source "ChessBase"]
[SourceDate "2018.02.23"]
[SourceVersion "1"]
[SourceVersionDate "2018.02.23"]
[SourceQuality "1"]

1. e4 c6 2. Nc3 d5 3. d4 dxe4 4. Nxe4 Bf5 5. Nc3 e6 6. a3 Nf6 7. f3 Bd6 8. Bd3 Bg6 9. Nge2 Qc7 10. f4 0-0 11. 0-0 Nbd7 12. Ng3 Rad8 13. Nce2 c5 14. c3 a6 15. Be3 Ng4 16. Qd2 Ndf6 17. Bxg6 hxg6 18. h3 Nxe3 19. Qxe3 cxd4 20. cxd4 Nd5 21. Qd2 g5 22. Rac1 Qb8 23. Ne4 Bxf4 24. Nxf4 gxf4 25. Qf2 Qa7 26. Rfd1 Ne3 27. Qxf4 Nf5 28. Rc5 Rfe8 29. g4 Nxd4 30. Rxd4 Rxd4 31. Nf6+ gxf6 32. Qxd4 Qb8 33. Qf2 Qd6 34. Rc1 Qe5 35. Re1 Qg5 36. Rd1 Rc8 37. Kh2 Rc4 38. Rf1 Kg7 39. Rg1 Qe5+ 40. Kh1 Rf4 41. Qg2 Qd5 42. Rf1 Rd4 43. Qf3 Qe5 44. Rf2 Re4 45. Kg2 Re3 46. Qf4 Qxf4 47. Rxf4 Re2+ 48. Rf2 Rxf2+ 49. Kxf2 Kg6 50. h4 f5 51. g5 Kh5 52. Kg3 e5 53. b4 b5 54. Kh3 f4 55. Kg2 Kxh4 56. Kf3 Kxg5 57. Ke4 f6 0-1